[Event "Dos Hermanas Rapid 36th"]
[Site "Dos Hermanas"]
[Date "2024.06.06"]
[Round "3"]
[White "Diaz Castro, Sergio"]
[Black "Shirov, Alexei"]
[Result "0-1"]
[WhiteElo "2270"]
[BlackElo "2660"]
[PlyCount "92"]
[EventDate "2024.06.06"]
[EventType "swiss (rapid)"]
[EventRounds "8"]
[EventCountry "ESP"]
[SourceTitle "CBM 220 Extra"]
[Source "ChessBase"]
[SourceDate "2024.07.31"]
[SourceVersion "1"]
[SourceVersionDate "2024.07.31"]
[SourceQuality "1"]

1. e4 e5 2. Nf3 Nc6 3. d4 exd4 4. Bc4 Bc5 5. Ng5 Nh6 6. Nxf7 Nxf7 7. Bxf7+ Kxf7 8. Qh5+ g6 9. Qxc5 d5 10. 0-0 dxe4 11. c3 Re8 12. Bf4 Qf6 13. Bxc7 Bg4 14. f3 exf3 15. Nd2 Qe7 16. Qxe7+ Rxe7 17. Bg3 dxc3 18. bxc3 Re3 19. Rae1 Rae8 20. Nxf3 Bxf3 21. Rxe3 Rxe3 22. Rxf3+ Rxf3 23. gxf3 Ke6 24. Kf2 Kd5 25. Ke3 Kc4 26. Kf4 h6 27. h4 b5 28. h5 gxh5 29. Kf5 Kxc3 30. Kg6 Nd4 31. Be5 Kd3 32. Bxd4 Kxd4 33. f4 h4 34. f5 h3 35. f6 h2 36. f7 h1Q 37. f8Q Qc6+ 38. Kh7 a6 39. Qf2+ Kd3 40. Qf1+ Kc2 41. Qe2+ Kc3 42. Qe3+ Kb2 43. Qb3+ Ka1 44. a3 Qc4 45. Qd1+ Kb2 46. Kxh6 Qc1+ 0-1

[Event "Andalusia-ch Rapid"]
[Site "Dos Hermanas"]
[Date "2021.06.12"]
[Round "1"]
[White "Diaz Castro, Sergio"]
[Black "Santos Olivera, Francisco"]
[Result "1-0"]
[WhiteElo "2270"]
[BlackElo "1712"]
[PlyCount "52"]
[EventDate "2021.06.12"]
[EventType "swiss (rapid)"]
[EventRounds "8"]
[EventCountry "ESP"]
[SourceTitle "CBM 203 Extra"]
[Source "ChessBase"]
[SourceDate "2021.09.30"]
[SourceVersion "1"]
[SourceVersionDate "2021.09.30"]
[SourceQuality "1"]

1. e4 c5 2. d4 cxd4 3. c3 dxc3 4. Nxc3 Nc6 5. Nf3 e6 6. Bc4 a6 7. 0-0 Be7 8. Bb3 h6 9. Re1 d6 10. Qe2 Nf6 11. Rd1 Qc7 12. Bf4 Nh5 13. Be3 Nf6 14. Rac1 Ng4 15. Nd5 Qb8 16. Bb6 exd5 17. exd5 Nce5 18. Rc7 Bd7 19. Nxe5 Nxe5 20. f4 Ng6 21. Rxd7 0-0 22. Rxe7 Nxe7 23. Qxe7 Re8 24. Qc7 Qxc7 25. Bxc7 Rad8 26. Bxd8 Rxd8 1-0

[Event "Andalusia-ch Rapid"]
[Site "Dos Hermanas"]
[Date "2021.06.12"]
[Round "8"]
[White "Grigoryan, Karen H"]
[Black "Diaz Castro, Sergio"]
[Result "1-0"]
[WhiteElo "2647"]
[BlackElo "2270"]
[PlyCount "54"]
[EventDate "2021.06.12"]
[EventType "swiss (rapid)"]
[EventRounds "8"]
[EventCountry "ESP"]
[SourceTitle "CBM 203 Extra"]
[Source "ChessBase"]
[SourceDate "2021.09.30"]
[SourceVersion "1"]
[SourceVersionDate "2021.09.30"]
[SourceQuality "1"]

1. Nf3 g6 2. e4 c5 3. d4 cxd4 4. Nxd4 Bg7 5. c4 Nc6 6. Be3 Nf6 7. Nc3 Ng4 8. Qxg4 Nxd4 9. Qd1 Ne6 10. Qd2 Qa5 11. Rc1 g5 12. Be2 Qe5 13. Bg4 Nf4 14. Bf3 h5 15. h4 Ne6 16. hxg5 h4 17. Be2 b6 18. f4 Qa5 19. e5 Bb7 20. Nd5 Bxd5 21. Qxa5 bxa5 22. cxd5 Nd8 23. Rc7 d6 24. Bd4 Rb8 25. a4 Rb4 26. Bb5+ Kf8 27. Rc8 Rxd4 1-0

[Event "Dos Hermanas rapid 31st"]
[Site "Dos Hermanas"]
[Date "2019.05.25"]
[Round "2"]
[White "Diaz Castro, Sergio"]
[Black "Torrado Macias, Juan"]
[Result "1-0"]
[WhiteElo "2279"]
[BlackElo "1878"]
[PlyCount "65"]
[EventDate "2019.05.25"]
[EventType "swiss (rapid)"]
[EventRounds "8"]
[EventCountry "ESP"]
[SourceTitle "CBM 190 Extra"]
[Source "ChessBase"]
[SourceDate "2019.07.15"]
[SourceVersion "1"]
[SourceVersionDate "2019.07.15"]
[SourceQuality "1"]

1. e4 d5 2. exd5 Nf6 3. Nc3 c6 4. dxc6 Nxc6 5. Nf3 a6 6. h3 e5 7. d3 h6 8. Be2 Bb4 9. 0-0 0-0 10. a3 Bd6 11. Re1 Nd4 12. Bf1 Bd7 13. Nxe5 Re8 14. Nxd7 Qxd7 15. Be3 Nf5 16. Bd2 Bc7 17. Ne2 Rxe2 18. Rxe2 Nd4 19. c3 Qd6 20. g3 Nxe2+ 21. Qxe2 Re8 22. Qf3 Bb6 23. d4 Ne4 24. Re1 Qg6 25. Bd3 f5 26. Bf4 Kh7 27. Kh2 Qc6 28. Re2 g5 29. Be5 Rxe5 30. dxe5 Nxg3 31. Qxc6 Nf1+ 32. Kg1 bxc6 33. Kxf1 1-0

[Event "Andalucia-chT Honor Occidental"]
[Site "Andalucia"]
[Date "2018.11.17"]
[Round "5.1"]
[White "Campora, Daniel Hugo"]
[Black "Diaz Castro, Sergio"]
[Result "1-0"]
[WhiteElo "2413"]
[BlackElo "2253"]
[PlyCount "95"]
[EventDate "2018.09.30"]
[EventType "team-tourn"]
[EventRounds "7"]
[EventCountry "ESP"]
[SourceTitle "EXT 2020"]
[Source "ChessBase"]
[SourceDate "2019.10.17"]
[SourceVersion "1"]
[SourceVersionDate "2019.10.17"]
[SourceQuality "1"]
[WhiteTeam "Oromana CEN Solutions"]
[BlackTeam "Vistazul Tiempo y Mente"]
[WhiteTeamCountry "ESP"]
[BlackTeamCountry "ESP"]

1. e4 Nc6 2. d4 d5 3. e5 Bf5 4. Nf3 e6 5. c3 f6 6. Nbd2 Qd7 7. Be2 fxe5 8. dxe5 Nge7 9. 0-0 Ng6 10. Bb5 a6 11. Qa4 0-0-0 12. Bxc6 Qxc6 13. Qxc6 bxc6 14. Nb3 Be7 15. Bg5 Rde8 16. Bxe7 Rxe7 17. Rfe1 Nf4 18. Nc5 Nd3 19. Nxd3 Bxd3 20. Re3 Bg6 21. b4 a5 22. Nd4 Kb7 23. Nb3 axb4 24. cxb4 Rd8 25. Nd4 Ra8 26. Rc3 Be8 27. a4 c5 28. bxc5 c6 29. a5 Bd7 30. Rb3+ Kc7 31. a6 Ra7 32. Rb6 Re8 33. Rab1 Rea8 34. Rb7+ Rxb7 35. Rxb7+ Kc8 36. Rb6 Kc7 37. f4 Rb8 38. Rxb8 Kxb8 39. f5 exf5 40. e6 Be8 41. Nxf5 Ka7 42. Kf2 d4 43. Nxd4 g6 44. Ke3 Kxa6 45. Kf4 Kb7 46. Kg5 Kc7 47. h4 Kd8 48. Kf6 1-0

[Event "ESP-ch 83rd"]
[Site "Linares"]
[Date "2018.08.21"]
[Round "2"]
[White "Diaz Castro, Sergio"]
[Black "Arizmendi Martinez, Julen Luis"]
[Result "0-1"]
[WhiteElo "2289"]
[BlackElo "2507"]
[PlyCount "112"]
[EventDate "2018.08.20"]
[EventType "swiss"]
[EventRounds "9"]
[EventCountry "ESP"]
[SourceTitle "CBM 186 Extra"]
[Source "ChessBase"]
[SourceDate "2018.08.24"]
[SourceVersion "1"]
[SourceVersionDate "2018.08.24"]
[SourceQuality "1"]

1. e4 e6 2. d4 d5 3. Nc3 Bb4 4. e5 Ne7 5. a3 Bxc3+ 6. bxc3 c5 7. Qg4 Kf8 8. Nf3 Qa5 9. Bd2 Qa4 10. c4 Qxc2 11. Rc1 Qe4+ 12. Qxe4 dxe4 13. Ng5 cxd4 14. Nxe4 Nbc6 15. f4 Nf5 16. Bd3 Ke7 17. Kf2 h5 18. Rb1 Rb8 19. Rb3 b6 20. c5 Bd7 21. Rhb1 bxc5 22. Nxc5 Rxb3 23. Rxb3 Rb8 24. Rxb8 Nxb8 25. Nxd7 Kxd7 26. Bb5+ Nc6 27. Bb4 f6 28. Kf3 fxe5 29. fxe5 Kc7 30. Ke4 Nxb4 31. axb4 Ne3 32. Kxd4 Nxg2 33. Bc4 Kd7 34. Kc5 Ne3 35. Be2 h4 36. Kb5 Kc7 37. Ka6 Kb8 38. b5 Nd5 39. Bg4 Nc7+ 40. Ka5 Kc8 41. Kb4 Kd7 42. Kc5 Nd5 43. Bf3 Nf4 44. Kd4 g5 45. Bg4 Nd5 46. Bh3 Nf4 47. Bg4 Kd8 48. Bd1 Kc7 49. Kc5 Ng6 50. Bg4 Nxe5 51. Bxe6 g4 52. Kd4 Nf3+ 53. Ke3 Nxh2 54. Kf4 Kb6 55. Bc4 g3 56. Ke3 Ng4+ 0-1

[Event "Seville op 43rd"]
[Site "Seville"]
[Date "2018.01.19"]
[Round "8"]
[White "Diaz Castro, Sergio"]
[Black "Anurag, Mhamal"]
[Result "0-1"]
[WhiteElo "2263"]
[BlackElo "2472"]
[PlyCount "46"]
[EventDate "2018.01.12"]
[EventType "swiss"]
[EventRounds "9"]
[EventCountry "ESP"]
[SourceTitle "CBM 182 Extra"]
[Source "ChessBase"]
[SourceDate "2018.02.23"]
[SourceVersion "1"]
[SourceVersionDate "2018.02.23"]
[SourceQuality "1"]

1. e4 e6 2. d4 d5 3. Nc3 Bb4 4. e5 c5 5. Bd2 cxd4 6. Nb5 Bc5 7. Qg4 Kf8 8. Nf3 Nc6 9. 0-0-0 Qb6 10. Qf4 Bd7 11. Ng5 Nh6 12. Bd3 Rc8 13. h4 a6 14. Nd6 Bxd6 15. exd6 e5 16. Qg3 Nf5 17. Bxf5 Bxf5 18. Qb3 Qxb3 19. axb3 f6 20. Nh3 Kf7 21. f3 Na5 22. Bxa5 Rxc2+ 23. Kb1 Rc5+ 0-1

[Event "Seville op 43rd"]
[Site "Seville"]
[Date "2018.01.17"]
[Round "6"]
[White "Larino Nieto, David"]
[Black "Diaz Castro, Sergio"]
[Result "0-1"]
[WhiteElo "2464"]
[BlackElo "2263"]
[PlyCount "138"]
[EventDate "2018.01.12"]
[EventType "swiss"]
[EventRounds "9"]
[EventCountry "ESP"]
[SourceTitle "CBM 182 Extra"]
[Source "ChessBase"]
[SourceDate "2018.02.23"]
[SourceVersion "1"]
[SourceVersionDate "2018.02.23"]
[SourceQuality "1"]

1. e4 e6 2. d3 d5 3. Bf4 dxe4 4. Nc3 exd3 5. Bxd3 Nf6 6. Qf3 Bd6 7. 0-0-0 Nc6 8. Nge2 Qe7 9. Rhe1 Bd7 10. Ng3 Bxf4+ 11. Qxf4 0-0-0 12. a3 Kb8 13. Nf5 Qf8 14. Ne3 e5 15. Qh4 Be6 16. g4 Nd4 17. Qg3 Qc5 18. Nf5 Nxg4 19. Nxg7 Rhg8 20. Nxe6 Nxe6 21. Bxh7 Rg7 22. Rxd8+ Nxd8 23. Rd1 Nc6 24. Qh4 a6 25. Ne4 Qe7 26. Qh3 Nd4 27. c3 Ne2+ 28. Kb1 Nf4 29. Qg3 f5 30. Bxf5 Nh6 31. Rd7 Rxg3 32. Rxe7 Rg1+ 33. Kc2 Nxf5 34. Re8+ Ka7 35. Rxe5 Nd6 36. Nxd6 cxd6 37. Rf5 Ng6 38. Kd3 Kb6 39. Ke4 Kc6 40. f4 Re1+ 41. Kd3 Rh1 42. Rf6 Nh4 43. c4 Rxh2 44. b4 b6 45. a4 a5 46. bxa5 bxa5 47. Rf7 Ra2 48. Rh7 Ng6 49. Ke4 Rxa4 50. Kf5 Nf8 51. Rh8 Nd7 52. Ke6 Nc5+ 53. Ke7 Rxc4 54. Rc8+ Kb7 55. Rf8 Kc7 56. f5 Re4+ 57. Kf7 a4 58. Ra8 Kb7 59. Ra5 Kb6 60. Ra8 Kb7 61. Ra5 Kb6 62. Ra8 Na6 63. Rd8 Kc5 64. f6 a3 65. Rc8+ Kb5 66. Re8 Rxe8 67. Kxe8 Nc7+ 68. Kd7 Nd5 69. f7 Nf6+ 0-1

[Event "Pula op 29th"]
[Site "Pula"]
[Date "2015.06.18"]
[Round "7"]
[White "Kovacevic, Blazimir"]
[Black "Diaz Castro, Sergio"]
[Result "1/2-1/2"]
[WhiteElo "2472"]
[BlackElo "2234"]
[PlyCount "163"]
[EventDate "2015.06.13"]
[EventType "swiss"]
[EventRounds "9"]
[EventCountry "CRO"]
[SourceTitle "CBM 167 Extra"]
[Source "ChessBase"]
[SourceDate "2015.09.14"]
[SourceVersion "1"]
[SourceVersionDate "2015.09.14"]
[SourceQuality "1"]

1. g3 c5 2. Bg2 Nc6 3. e4 g6 4. d3 Bg7 5. f4 d6 6. Nf3 e6 7. 0-0 Nge7 8. c3 0-0 9. Be3 Rb8 10. Bf2 b5 11. d4 cxd4 12. cxd4 d5 13. e5 a5 14. Nbd2 a4 15. Ne1 Qb6 16. Ndf3 b4 17. Nd3 Ba6 18. Re1 Bxd3 19. Qxd3 Rfc8 20. Rec1 Na5 21. b3 a3 22. Bf1 Rxc1 23. Rxc1 Rc8 24. Rxc8+ Nxc8 25. Ne1 Na7 26. Nc2 Bf8 27. Be1 N7c6 28. Kg2 Be7 29. g4 Nb7 30. Be2 Bf8 31. h4 Be7 32. f5 Nbd8 33. f6 Bf8 34. Bd2 Na7 35. h5 Ndc6 36. Be3 Qc7 37. Kf1 Qb6 38. Ke1 Nd8 39. Kd1 Ndc6 40. Bd2 Nd8 41. hxg6 Ndc6 42. Be3 fxg6 43. g5 Nd8 44. Bd2 Kf7 45. Ke1 Kg8 46. Kf1 Qb7 47. Ke1 Qb6 48. Kd1 Qb7 49. Qa6 Qxa6 50. Bxa6 Nac6 51. Bc8 Kf7 52. Bd7 Nb8 53. Bc8 Nbc6 54. Kc1 Ke8 55. Be3 Na7 56. Ba6 Kd7 57. Bd2 Nac6 58. Bb5 Kc7 59. Kd1 Kb6 60. Ba4 Ka6 61. Ke2 Kb6 62. Kd3 Kc7 63. Ne1 Kb6 64. Ng2 Kc7 65. Nf4 Kb6 66. Be3 Kc7 67. Kc2 Kb6 68. Kd2 Kc7 69. Kd3 Kb6 70. Kc2 Kc7 71. Bb5 Kd7 72. Bd3 Nf7 73. Nxg6 hxg6 74. Bxg6 Nxg5 75. Bxg5 Nxd4+ 76. Kb1 Nb5 77. Bd2 Nd4 78. Bd3 Ke8 79. Bg6+ Kd7 80. Bd3 Ke8 81. Bg6+ Kd7 82. Bd3 1/2-1/2

[Event "Pula op 29th"]
[Site "Pula"]
[Date "2015.06.16"]
[Round "4"]
[White "Diaz Castro, Sergio"]
[Black "Cebalo, Miso"]
[Result "1-0"]
[WhiteElo "2234"]
[BlackElo "2406"]
[PlyCount "55"]
[EventDate "2015.06.13"]
[EventType "swiss"]
[EventRounds "9"]
[EventCountry "CRO"]
[SourceTitle "CBM 167 Extra"]
[Source "ChessBase"]
[SourceDate "2015.09.14"]
[SourceVersion "1"]
[SourceVersionDate "2015.09.14"]
[SourceQuality "1"]

1. e4 c5 2. d4 cxd4 3. c3 dxc3 4. Nxc3 Nc6 5. Nf3 d6 6. Bc4 a6 7. 0-0 Nf6 8. Bf4 b5 9. Bb3 Bg4 10. h3 Bxf3 11. Qxf3 Nd4 12. Qd3 e5 13. Be3 Nxb3 14. axb3 Be7 15. Rxa6 Rxa6 16. Qxb5+ Qd7 17. Qxa6 0-0 18. Rd1 Rb8 19. Bg5 Rxb3 20. Bxf6 gxf6 21. Nd5 Kf8 22. Rc1 Qb7 23. Rc8+ Kg7 24. Qc4 Bf8 25. Ne3 Rb4 26. Nf5+ Kg6 27. Rxf8 Qxe4 28. Qxf7+ 1-0

[Event "Seville op 39th"]
[Site "Seville"]
[Date "2014.01.15"]
[Round "6"]
[White "Ramirez Guerrero, Enrique"]
[Black "Diaz Castro, Sergio"]
[Result "0-1"]
[WhiteElo "2043"]
[BlackElo "2256"]
[PlyCount "64"]
[EventDate "2014.01.10"]
[EventType "swiss"]
[EventRounds "9"]
[EventCountry "ESP"]
[SourceTitle "CBM 158 Extra"]
[Source "ChessBase"]
[SourceDate "2014.02.28"]
[SourceVersion "1"]
[SourceVersionDate "2014.02.28"]
[SourceQuality "1"]

1. d4 Nf6 2. c4 g6 3. Nc3 Bg7 4. Nf3 d6 5. Bg5 h6 6. Bh4 g5 7. Bg3 Nh5 8. e3 Nd7 9. Be2 c5 10. Qd3 a6 11. Nd2 Nxg3 12. hxg3 Rb8 13. a4 cxd4 14. exd4 Qb6 15. Nf3 g4 16. Nd5 Qd8 17. Nh4 e6 18. Nf4 Qa5+ 19. Kf1 Qg5 20. Re1 0-0 21. Bd1 Rd8 22. Bc2 Nf8 23. b4 Bd7 24. d5 e5 25. Ne2 Re8 26. Nc3 f5 27. c5 Rbc8 28. Nxf5 e4 29. Nxe4 Bxf5 30. cxd6 Bxe4 31. Rxe4 Rxe4 32. Qxe4 Qc1+ 0-1

[Event "Seville op 38th"]
[Site "Seville"]
[Date "2013.01.17"]
[Round "7"]
[White "Das, Arghyadip"]
[Black "Diaz Castro, Sergio"]
[Result "1-0"]
[WhiteElo "2466"]
[BlackElo "2224"]
[PlyCount "53"]
[EventDate "2013.01.11"]
[EventType "swiss"]
[EventRounds "9"]
[EventCountry "ESP"]
[SourceTitle "CBM 152 Extra"]
[Source "ChessBase"]
[SourceDate "2013.02.25"]
[SourceVersion "1"]
[SourceVersionDate "2013.02.25"]
[SourceQuality "1"]

1. e4 g6 2. d4 Bg7 3. Nc3 d6 4. f4 c6 5. Nf3 Bg4 6. Be3 Qb6 7. Qd2 Bxf3 8. gxf3 e6 9. 0-0-0 d5 10. f5 exf5 11. exf5 Nd7 12. Bg5 a5 13. Bh3 Ngf6 14. Rhe1+ Kf8 15. Qf4 Kg8 16. fxg6 hxg6 17. Bxd7 Nxd7 18. Re7 Rf8 19. Rxd7 f6 20. Na4 Qb4 21. Qc7 Rh7 22. Nc5 fxg5 23. a3 Qc4 24. Ne6 Be5 25. Qxe5 Rxd7 26. Nxf8 Kxf8 27. Re1 1-0

[Event "Seville op 37th"]
[Site "Seville"]
[Date "2012.01.14"]
[Round "8"]
[White "Malakhatko, Vadim"]
[Black "Diaz Castro, Sergio"]
[Result "1-0"]
[WhiteElo "2524"]
[BlackElo "2211"]
[PlyCount "63"]
[EventDate "2012.01.07"]
[EventType "swiss"]
[EventRounds "9"]
[EventCountry "ESP"]
[SourceTitle "CBM 146 Extra"]
[Source "ChessBase"]
[SourceDate "2012.02.29"]
[SourceVersion "1"]
[SourceVersionDate "2012.02.29"]
[SourceQuality "1"]

1. d4 g6 2. c4 Bg7 3. Nc3 d6 4. e4 Nc6 5. Nge2 e5 6. Be3 exd4 7. Nxd4 Nf6 8. Be2 0-0 9. 0-0 Re8 10. f3 Nh5 11. Qd2 Nf4 12. Rfd1 Nxd4 13. Bxd4 Bxd4+ 14. Qxd4 Qg5 15. Bf1 Qc5 16. Qf2 a5 17. g3 Ne6 18. Nd5 Kg7 19. Bh3 Ng5 20. Bg2 Ne6 21. f4 c6 22. Nc3 f6 23. b3 Kf7 24. Rd2 Rd8 25. Rad1 Ke7 26. Qxc5 dxc5 27. Rxd8 Nxd8 28. Na4 Ne6 29. Nb6 Rb8 30. Bh3 g5 31. Bf5 h6 32. Kf2 1-0

[Event "Seville op 36th"]
[Site "Seville"]
[Date "2011.01.09"]
[Round "3"]
[White "Campora, Daniel Hugo"]
[Black "Diaz Castro, Sergio"]
[Result "1-0"]
[WhiteElo "2488"]
[BlackElo "2207"]
[PlyCount "63"]
[EventDate "2011.01.07"]
[EventType "swiss"]
[EventRounds "9"]
[EventCountry "ESP"]
[SourceTitle "CBM 140 Extra"]
[Source "ChessBase"]
[SourceDate "2011.03.01"]
[SourceVersion "1"]
[SourceVersionDate "2011.03.01"]
[SourceQuality "1"]

1. e4 g6 2. d4 Bg7 3. Nc3 d6 4. Be3 c6 5. Qd2 b5 6. f4 Nf6 7. e5 Ng4 8. Nf3 Nxe3 9. Qxe3 0-0 10. 0-0-0 Qa5 11. Kb1 b4 12. Ne4 Be6 13. b3 Rd8 14. Be2 Na6 15. Nfg5 Nc7 16. h4 c5 17. Nxe6 fxe6 18. h5 cxd4 19. Qh3 dxe5 20. hxg6 exf4 21. Qxh7+ Kf8 22. Rdf1 Nd5 23. Rh4 Qc7 24. Bd3 e5 25. g3 e6 26. gxf4 exf4 27. Nc5 Qe5 28. Rhxf4+ Nxf4 29. Rxf4+ Ke8 30. Re4 Qxc5 31. Qxg7 Rd7 32. Qg8+ 1-0